Paryaavaran sanrakshan niyamak sanstha: rashtriy harit pradhikaran aik vishlaishan (Record no. 508088)

000 -LEADER
fixed length control field 00390nam a2200133 4500
008 - FIXED-LENGTH DATA ELEMENTS--GENERAL INFORMATION
fixed length control field 190307b ||||| |||| 00| 0 eng d
100 ## - MAIN ENTRY--PERSONAL NAME
Personal name Chauhan, Rashmi
245 ## - TITLE STATEMENT
Title Paryaavaran sanrakshan niyamak sanstha: rashtriy harit pradhikaran aik vishlaishan
260 ## - PUBLICATION, DISTRIBUTION, ETC. (IMPRINT)
Date of publication, distribution, etc 2018
300 ## - PHYSICAL DESCRIPTION
Extent p.210-218.
773 ## - HOST ITEM ENTRY
Main entry heading Lok Prashasan
906 ## - LOCAL DATA ELEMENT F, LDF (RLIN)
Subject DIP Environmental protection
942 ## - ADDED ENTRY ELEMENTS (KOHA)
Source of classification or shelving scheme
Item type Articles
Holdings
Withdrawn status Lost status Source of classification or shelving scheme Damaged status Not for loan Permanent location Current location Date acquired Serial Enumeration / chronology Barcode Date last seen Koha item type
          Indian Institute of Public Administration Indian Institute of Public Administration 2019-03-07 10(2), Jul-Dec, 2018: p.210-218. AR119187 2019-03-07 Articles

Powered by Koha